000 00634nam a2200193Ia 4500
003 GCL
008 140319s9999 xx 000 0 ara d
040 _aGCL /
_cGCL
082 0 4 _a791.4
_bا ن
100 1 _aاحمد رائف
245 1 0 _aالنص الكامل لسيناريو المسلسل التليفزيونى جمال الدين الافغانى ج1 /
_cاحمد رائف
260 _a[S.N] :
_bالزهراء للاعلام العربى ،
_c1988
300 _a595 ص
490 _a
650 0 4 _aمصر
650 0 4 _aالتليفزيون
650 0 4 _aالمسلسلات التليفزيونية
942 _2ddc
_cBK
999 _c29359
_d29359